[Event "Charleroi op 4th"]
[Site "Charleroi"]
[Date "2005.08.04"]
[Round "7"]
[White "Ghislain, Jean Pierre"]
[Black "Clarembeau, Alexis"]
[Result "1/2-1/2"]
[WhiteElo "1472"]
[BlackElo "1169"]
[PlyCount "44"]
[EventDate "2005.07.30"]
[EventType "swiss"]
[EventRounds "9"]
[EventCountry "BEL"]
[SourceTitle "EXT 2006"]
[Source "ChessBase"]
[SourceDate "2005.11.24"]
[SourceVersion "1"]
[SourceVersionDate "2005.11.24"]
[SourceQuality "1"]

1. Nf3 d5 2. d4 Nf6 3. c4 e6 4. Nc3 c6 5. Bg5 Nbd7 6. e3 h6 7. Bh4 g5 8. Bg3 dxc4 9. Bxc4 b5 10. Bb3 Bb7 11. 0-0 Bg7 12. h3 0-0 13. Rc1 Qe7 14. Re1 b4 15. Na4 Ne4 16. Bh2 Rfd8 17. Qe2 Rac8 18. Bc2 c5 19. Bxe4 Bxe4 20. dxc5 Nxc5 21. Nxc5 Rxc5 22. Rxc5 Qxc5 1/2-1/2